| Tag |
First Indicator |
Second Indicator |
Subfields |
| LEADER |
00000cam a2200000Mu 4500 |
| 001 |
in00004670613 |
| 006 |
m o d |
| 007 |
cr -n--------- |
| 008 |
220212s2018 sp o ||| 0 spa d |
| 005 |
20230425122200.3 |
| 035 |
|
|
|a (OCoLC)on1296428479
|
| 040 |
|
|
|a EBLCP
|b eng
|c EBLCP
|d YDX
|d OCLCQ
|
| 019 |
|
|
|a 1296267312
|a 1296401159
|a 1296407085
|
| 020 |
|
|
|a 9788416624911
|
| 020 |
|
|
|a 8416624917
|
| 035 |
|
|
|a (OCoLC)1296428479
|z (OCoLC)1296267312
|z (OCoLC)1296401159
|z (OCoLC)1296407085
|
| 049 |
|
|
|a TXAM
|
| 100 |
1 |
|
|a Lazcano, Eduardo.
|
| 245 |
1 |
0 |
|a Comunicación Emocional.
|
| 260 |
|
|
|a Madrid :
|b Lid Editorial Empresarial S.L.,
|c 2018.
|
| 300 |
|
|
|a 1 online resource (184 p.)
|
| 336 |
|
|
|a text
|b txt
|2 rdacontent
|
| 337 |
|
|
|a computer
|b c
|2 rdamedia
|
| 338 |
|
|
|a online resource
|b cr
|2 rdacarrier
|
| 500 |
|
|
|a Description based upon print version of record.
|
| 776 |
0 |
8 |
|i Print version:
|a Lazcano, Eduardo
|t Comunicación Emocional
|d Madrid : Lid Editorial Empresarial S.L.,c2018
|z 9788416624904
|
| 856 |
4 |
0 |
|u https://go.oreilly.com/TAMU/library/view/-/9788416624911/?ar
|z Connect to the full text of this electronic book
|t 0
|
| 955 |
|
|
|a Safari/O'Reilly ebooks
|
| 994 |
|
|
|a 92
|b TXA
|
| 999 |
f |
f |
|s 0a2bd7b8-cfc7-4dd2-b7bb-6b48542008ff
|i 70db47d9-a77d-44bf-85d3-5f2f14242145
|t 0
|
| 952 |
f |
f |
|a Texas A&M University
|b College Station
|c Electronic Resources
|s www_evans
|d Available Online
|t 0
|h Library of Congress classification
|
| 998 |
f |
f |
|t 0
|l Available Online
|